| 000 | 00509 a2200145 4500 | ||
|---|---|---|---|
| 082 | _aBEE-5 | ||
| 100 |
_aMuhammad Waleed Khalid _951443 |
||
| 245 |
_aDigital Energy Meter _cMuhammad Waleed Khalid |
||
| 260 |
_aIslamabad _bNUST-SEECS _c2012 |
||
| 300 |
_a55p. _b;ill. _c;27cm.+ _eCD ROM |
||
| 500 | _aSupervisors: Dr. Tauseef Tauqeer, Mr. Abid Mushtaq | ||
| 700 |
_aAhmed Aitzaz Khan Wattoo, Muhammad Rizwan _992925 |
||
| 856 | _uhttp://10.250.8.41:8080/xmlui/handle/123456789/11542 | ||
| 942 |
_cPR _kBEE-5 WAL _2ddc |
||
| 999 |
_c11312 _d11312 |
||